Arboricultura urbana : gestión y manejo del arbolado público /

Guardado en:
Autor Principal: Dowhal, Alejandro.
Formato: Libro
Idioma:Spanish
Publicado: Ituzaingó, Buenos Aires : Maipue, 2016.
Materias:
Acceso en línea:Acceso a texto completo
Índice ampliado
Etiquetas: Agregar Etiqueta
Sin Etiquetas, Sea el primero en etiquetar este registro!
LEADER 01260nam a22002055a 4500
001 EEA.libagro010876
008 170711s2016####xx############000#0#spa#d
005 20200410143852.0
245 1 0 |a Arboricultura urbana :  |b gestión y manejo del arbolado público /  |c Alejandro Dowhal. 
260 |a Ituzaingó, Buenos Aires :  |b Maipue,  |c 2016. 
300 |a 360 p. :  |b il., gráf., fot. byn ;  |c 27 cm. 
505 0 |a Capítulo 1. Conceptos iniciales -- Capítulo 2. El árbol -- Capítulo 3. Los árboles en el ambiente urbano -- Capítulo 4. El arbolado urbano en Argentina y en el mundo -- Capítulo 5. Gestión y manejo del arbolado público -- Capítulo 6. Adversidades que afectan al arbolado urbano -- Capítulo 7. Aspectos económicos de la forestación urbana -- Capítulo 8. Los árboles en Internet -- Anexo. Aspectos legales del arbolado público 
020 |a 9789873615467 
100 1 |a Dowhal, Alejandro. 
082 0 4 |a 715.2 
650 7 |a Arboricultura urbana  |x Gestión  |2 agrovoc 
650 7 |a Árboles callejeros  |2 agrovoc 
856 |3 Acceso a texto completo  |u https://elibro.net/es/lc/unsbiblio/titulos/77341 
856 |u http://www.maipue.com.ar/indice/conciencia/indice%5Farboricultura.pdf  |3 Índice ampliado 
859 |a AR-BbBCA  |b BIB. AGRONOMIA  |h 715.2  |i D744  |p 2017/6809